Normal view
MARC view
- Eschenbach, Ted
Entry Personal Name
001 - CONTROL NUMBER
- control field: 36210
003 - CONTROL NUMBER IDENTIFIER
- control field: NUST
005 - DATE AND TIME OF LATEST TRANSACTION
- control field: 20210312154701.0
008 - FIXED-LENGTH DATA ELEMENTS
- fixed length control field: 210312|| aca||aabn | a|a d
040 ## - CATALOGING SOURCE
- Original cataloging agency: NUST
- Transcribing agency: NUST
100 ## - HEADING--PERSONAL NAME
- Personal name: Eschenbach, Ted
670 ## - SOURCE DATA FOUND
- Source citation: Work cat.: (NUST)1470: Newnan, Donald G. 24913, Engineering economic analysis /, c2000.
